Information systems requirements : Determination and analysis

Saved in:
Bibliographic Details
Main Author: Flynn, Donal J. (Donal James)
Format: Book
Language:English
Published: London, New York : Mcgraw-Hill, 1992
Subjects:
Tags: Add Tag
No Tags, Be the first to tag this record!

MARC

LEADER 00000nam a2200000 i 4500
001 1/43557
008 960220s1992 eng d
020 |a 0-07-707446-7 
035 |l 10025802 
040 |a GR-MY-UA  |b gre  |e aacr 
041 0 |a eng 
082 0 |a 004.21 FLY 
100 1 |a Flynn, Donal J.  |q (Donal James) 
245 1 0 |a Information systems requirements :  |b Determination and analysis /  |c Donal J. Flynn 
260 |a London, New York :   |b Mcgraw-Hill,   |c 1992 
300 |a 422 p. 
500 |a Includes bibliographical references and index 
650 0 0 |a System analysis. 
650 0 0 |a System design. 
852 |a INST  |b CHIOS  |e 19960220  |h 004.21 FLY  |p 005200003580  |q 005200003580  |t BK  |y 0 
909 |a Χ  |b 037905